|
|
|
|
| LEADER |
01486nam a22002658a 4500 |
| 001 |
00020553 |
| 005 |
20171026081025.0 |
| 008 |
110518s2007 ||||||Viesd |
| 041 |
0 |
# |
|a Vie
|
| 082 |
1 |
4 |
|a 540.71
|b TH552H
|
| 100 |
0 |
# |
|a Nguyễn Hữu Nhạc
|e Chủ biên
|
| 245 |
0 |
0 |
|a Thực hiện kế hoạch đào tạo ngành: Hóa học
|b Sách trợ giúp giáo viên cao đẳng sư phạm
|c Nguyễn Hữu Nhạc chủ biên. Hà Thị Ngân, Nguyễn Thị Thúy Hà
|
| 260 |
# |
# |
|a H.
|b Đại học sư phạm
|c 2007
|
| 300 |
# |
# |
|a 260 tr.
|c 24 cm.
|
| 500 |
# |
# |
|a ĐTTS ghi: Bộ giáo dục và đào tạo. Dự án đào tạo giáo viên trung học cớ sở
|
| 650 |
# |
4 |
|a Hóa học
|
| 650 |
# |
4 |
|a Kế hoạch đào tạo
|
| 700 |
0 |
# |
|a Hà Thị Ngân
|
| 700 |
0 |
# |
|a Nguyễn Thị Thúy Hà
|
| 852 |
# |
# |
|b Kho giáo trình
|j KGT.0007490, KGT.0007491, KGT.0007492, KGT.0007493, KGT.0007494, KGT.0007495, KGT.0007496, KGT.0007497, KGT.0007498, KGT.0007499, KGT.0007500, KGT.0007501, KGT.0007502, KGT.0007503
|
| 852 |
# |
# |
|b Kho mượn
|j KGT.0007490
|
| 852 |
# |
# |
|b Kho đọc
|j KD.0005881
|
| 852 |
# |
# |
|j KD.0005881
|j KGT.0007491
|j KGT.0007492
|j KGT.0007494
|j KGT.0007495
|j KGT.0007497
|j KGT.0007498
|j KGT.0007500
|j KGT.0007501
|j KGT.0007503
|j KGT.0007490
|j KGT.0007493
|j KGT.0007496
|j KGT.0007499
|j KGT.0007502
|
| 910 |
0 |
# |
|a Đức
|d 18/05/2011
|
| 980 |
# |
# |
|a Trung tâm Học liệu Lê Vũ Hùng, Trường Đại học Đồng Tháp
|